000 00968cam a2200349 a 4500
001 22456
003 SK-KTurca
005 20260328124329.0
008 240315s2000 xo a gr 00001 slo
015 _aSNBA2000/08-02868
020 _a8071188476
035 _aSNK000345287
035 _aurn:nbn:sk:snk-amk52u
035 _aurn:nbn:sk:snk-am004zjg
035 _aF5EA0A9B-1A1F-4076-869D-98AE1276FDC7
040 _aSNK
_bslo
_cSNK
_eAACR2
_dSNKPH
041 0 _aslo
044 _axo
_cSK
080 _a885.4-992
_21981
080 _a929 Filan, Boris
_21981
100 1 _aFilan, Boris,
_d1949-
_4aut
245 1 0 _aTam-Tam 2
_cBoris Filan
250 _a2. vyd.
260 _aBratislava
_bIkar
_c2000
300 _a255 s.
_bfotogr.
_c24 cm
500 _aCelkovo 3. vyd.
655 7 _aslovenské prózy
_2SNKPH
655 7 _acestopisy
_2SNKPH
942 _2ddc
_cKLDO
_n0
999 _c22456
_d22456